| 000 | 00939nam a22003017a 4500 | ||
|---|---|---|---|
| 003 | CHAP | ||
| 005 | 20220329141751.0 | ||
| 008 | 971013s1970 r 00010 d | ||
| 010 | _a73494 | ||
| 011 | _a74466 | ||
| 035 | _a84025 | ||
| 040 | _cCHAP | ||
| 082 |
_a550.1 _bA5Y |
||
| 100 | 0 | 0 |
_aAlbritton, Claude C., Jr. _eEd. _93526 |
| 245 | _aFilosofía de la geología | ||
| 260 |
_aMéxico, D.F. : _bCECSA, _c1970 |
||
| 300 |
_a438 p. _b: ilus. |
||
| 504 | _aBibliografía pp. 337-390 | ||
| 590 |
_aBATCH-UPD _b10 _c20130110 _lUCH01 _h0625 |
||
| 590 |
_aBATCH-UPD _b10 _c20130410 _lUCH01 _h0309 |
||
| 590 |
_aBATCH-UPD _b10 _c20130913 _lUCH01 _h2348 |
||
| 590 |
_aCONVERSION _b10 _c20130109 _lUCH01 _h1340 |
||
| 650 | 1 | 4 |
_aGeología. _947604 |
| 901 | _aBK | ||
| 942 | _cLIBRO | ||
| 949 |
_a550.1 A5y _bBC _cLIBRO _d33724000446779 _eLIBRO _fc.2 _h32689 _i84025 _mD. _si |
||
| 949 |
_a550.1 A5y _bBC _cLIBRO _d33724000936753 _eLIBRO _h32688 _i84025 _mD. _si |
||
| 999 |
_c73494 _d73494 |
||